000 01127nac a2200349 i 4500
003 EG-GICUC
005 20260121101501.0
008 950803s1995 maua frb 001 0 eng d
020 _a0316478180
020 _a9780316478182
040 _aDLC
_cDLC
_beng
_dEG-GiCUC
_erda
043 _an-us---
050 0 0 _aKF9218
_b.K3 1995
082 0 0 _a343.1
_221
092 0 4 _221
099 _aLaw 08 1995
100 1 _aKadish, Sanford H.
245 1 0 _aCriminal law and its processes :
_bcases and materials /
_cSanford H. Kadish, Stephen J. Schulhofer.
250 _a6th edition.
264 _aBoston :
_bLittle, Brown,
_c1995.
300 _axlvii, 1232 page :
_billutrations;
_c27 cm.
336 _atext
_btxt
_2rdacontent
337 _aunmediated
_bn
_2rdamedia
338 _avolume
_bnc
_2rdacarrier
440 0 _aLaw school casebook series
504 _aIncludes bibliographical references (p. 1203-1225) and index.
650 0 _aCriminal law
_zUnited States
_xCases.
700 1 _aSchulhofer, Stephen J.
856 4 0 _uhttps://fll.law.cu.edu.eg/fulltext/bks/ENGB10-00030.pdf
905 _a10
942 _2ddc
_cBK
_e21
_n0
999 _c50389
_d50389